000 00497nam a2200181Ia 4500
005 20250508151024.0
008 008 250505s9999 xx 000 0 eng d
037 _aTextual
040 _aFEDL
_beng
_cFEDL
041 _aeng
_2eng
084 _a380, MEA
_qFEDL
100 _aMeade James Edward
245 0 _aGeometry of international trade
260 _aLondon, UK
_bGeorge Allen and Unwin Ltd.
_c1952
300 _a111p
942 _cTEXL
_h380, MEA
999 _c1327104
_d1327104